00550cam a22001692 4500001001100000005001700011008004100028020002600069040001500095050001500110100003400125245008000159260004100239300001500280650005000295650003500345000000504420151217151950.0070605s xx 000 0 eng d a8170297184 :cKES 450 aKABUcKABU 0aT385b.S781 aStultz, Russel A.@000015610510aLearn Microsoft PowerPoint 7.0 for Windows 95 in a day /cRussel A. Stultz. aNew Delhi :bBPB Publications,cn.d. avi, 144 p. 0aMicrosoft PowerPoint for Windows.@0000156100 0aComputer graphics.@0000146527